| 000 | 00919nam a22002657a 4500 | ||
|---|---|---|---|
| 001 | 4651 | ||
| 003 | FISKH | ||
| 005 | 20251020141541.0 | ||
| 008 | 240919b cb ||||| |||| 00| 0 eng d | ||
| 020 | _a9780439880008 | ||
| 040 |
_aFISKH _beng _cFISKH _dFISKH |
||
| 050 | _aDS135.G4 | ||
| 082 | _2940.53 | ||
| 100 |
_aAuerbacher, Inge _d1934- |
||
| 245 |
_aI am a star child of the holocaust / _cInge Auerbacher with Illustrations by Israel Bernbaum |
||
| 250 | _aFirst printing in 2006 | ||
| 260 |
_aNew York : _bScholastic, _c2006. |
||
| 300 |
_a87 pages : _billustrations ; _c20cm |
||
| 520 | _aThe author's reminiscences about her childhood in Germany, years of which were spent in a Nazi concentration camp. Includes several of her original poems. | ||
| 650 |
_2Non-fiction _aConcentration camps |
||
| 650 |
_2History _aWWII |
||
| 700 |
_aBernbaum, Israel _dIllustrator |
||
| 942 |
_2ddc _cBK _n0 |
||
| 999 |
_c4651 _d4651 |
||